Croatian To English Easy Challenge - Statistics

General Stats
  • This quiz has been taken 47 times
  • The average score is 19 of 24
Answer Stats
Croatian English % Correct
Vino Wine
98%
Automobil Car
95%
Hrvatska Croatia
93%
Mlijeko Milk
90%
Muzika Music
90%
Papir Paper
90%
Salata Salad
90%
Škola School
90%
Voda Water
90%
Ananas Pineapple
88%
Isus Krist Jesus Christ
83%
Sestra Sister
83%
Torta Cake
80%
Riža Rice
80%
Sunce Sun
80%
Avion Plane
76%
Poljska Poland
76%
Šest Six
76%
Majka Mother
73%
Fizika Physics
68%
Mobitel Mobile Phone
59%
Crkva Church
51%
Kravata Tie
49%
Jahta Yacht
46%
No matching quizzes found
Score Distribution
Percent of People with Each Score
Percentile by Number Answered
Your Score History
You have not taken this quiz